000 00307nam a22001337a 4500
008 170831b xxu||||| |||| 00| 0 eng d
020 _a9780312574864
041 _aeng
080 _26TH
_a070
100 _a40
101 _aMED
245 _aORGANIZATIONAL COMMUNICATION
_cEISENBERG,E.M
942 _2udc
_cBK
999 _c25712
_d25712